000 00282nam a22001337a 4500
008 190225b xxu||||| |||| 00| 0 eng d
020 _a0534419399
041 _aeng
080 _a510
100 _a36
101 _aMAT
245 _aBeginning Algebra
_cClark, M
942 _2udc
_cBK
999 _c54219
_d54219